Presidents that Beat Theodore Roosevelt - Statistics

General Stats
  • This quiz has been taken 276 times
    261 since last reset
  • The average score is 15 of 20
Answer Stats
Rank Category Presidents % Correct
6 Fattest Taft | Cleveland | Trump | Arthur | Clinton
98%
3 Youngest at the end of his presidency Kennedy | Garfield
92%
8 First Republican elected Lincoln | Grant | Hayes | Garfield | Arthur | B. Harrison | McKinley
90%
4 Last who won a Nobel Prize Obama | Carter | Wilson
87%
3 Last with the same last name than an other President (past or future) L.B. Johnson | G. W. Bush/G. H. W. Bush
85%
4 Top rated (Siena 2018 poll) Washington | F. D. Roosevelt | Lincoln
85%
10 Most guessed at the Vice Presidents quiz Biden | L. B. Johnson | A. Johnson | J. Adams | G. H. W. Bush | Ford | Jefferson | Nixon | Truman
83%
8 Longest Wikipedia article Trump | Obama | G. W. Bush | Reagan | Kennedy | Grant | Carter
83%
4 Most executive orders F. D. Roosevelt | Wilson | Coolidge
80%
2 (t) Longest last name Washington | Eisenhower
79%
3 Last with glasses on his official portrait Wilson | Truman
79%
3 Last from New York F. D. Roosevelt | Trump
77%
2 First during the XX century McKinley
75%
4 (t) Highest BMI Taft | Cleveland | McKinley
75%
2 Last with a mustache on his official portrait Taft
71%
4 First who married twice Tyler | Fillmore | B. Harrison
64%
3 Most (ghost)written books Carter | Trump
62%
5 (t) Most legitimate children Tyler | W. H. Harrison | Hayes | Garfield
62%
3 Earliest from New York Van Buren | Fillmore
60%
3 Shortest lifespan (natural death only, assassination excluded) Polk | Arthur | Harding | (Obama)
59%
No matching quizzes found
Score Distribution
Percent of People with Each Score
Percentile by Number Answered
Your Score History
You have not taken this quiz since the last reset